Turkish Journal of Kinesiology

Збережено в:
Бібліографічні деталі
Формат: Електронний ресурс Журнал
Опубліковано: Nurtekin erkmen
Онлайн доступ:Available in Education Source.
Теги: Додати тег
Немає тегів, Будьте першим, хто поставить тег для цього запису!

MARC

LEADER 00000nas a22000002 4500
001 ebs78505051e
003 EBZ
006 m d ||||||
007 cr|unu||||||||
008 241105| xx uu p o 0 0||| d
022 |y 2459-0134 
035 |a (EBZ)ebs78505051e 
040 |a EBZ 
042 |a msc 
050 0 0 |a GV  
130 0 |a Turkish Journal of Kinesiology (Online) 
222 1 0 |a Turkish Journal of Kinesiology 
245 0 0 |a Turkish Journal of Kinesiology  |h [electronic resource]. 
260 |b Nurtekin erkmen 
773 0 |t Education Source   |d EBSCO 
856 4 0 |3 Abstracts available: Apr 2022-.  |z Available in Education Source.  |u https://researchs.unach.elogim.com/direct.asp?db=eue&jid=N223&scope=site 
901 |a Academic Journal